| 000 | 00445cam a22001337a 4500 | ||
|---|---|---|---|
| 008 | 180718b1989 xxu||||| |||| 00| 0 eng d | ||
| 082 | _aP417x54 C286 | ||
| 245 | _aA pastoral plan for catholic schools in India | ||
| 260 |
_aNew Delhi _bThe Catholic Bishop's Conference of India _c1989 |
||
| 300 | _a39p. | ||
| 650 | _aChristians in India | ||
| 650 | _aReligions education - India | ||
| 700 | _aThe Catholic Bishop's Conference of India, New Delhi | ||
| 999 |
_c342493 _d342493 |
||